000 004370000a22001810004500
003 LK-CoMWRAF
005 20231203222347.0
008 230817t ||||| |||| 00| 0 eng d
020 _a817231390X
040 _aLK-CoMWRAF
_dLK-CoMWRAF
_eLK-CoMWRAF
041 _aeng
082 _a720
_bCOL
245 _aColour and Learn Du'as
260 _bIslamic Book Service
_aNew Delhi
300 _ap.47
650 _aChildrens Book
942 _cBK
999 _c861
_d861